El Cierre fiscal y contable del ejercicio 2015

Detalles Bibliográficos
Autor Corporativo: AMADO Consultores
Formato: Libro
Lenguaje:español
Publicado: Barcelona AMADO Consultores 2015
Materias:
Acceso en línea:Acceso restringido

MARC

LEADER 00000nam a22000007a 4500
005 20160503162749.0
007 cr|||| ||u|
008 160503s2015 sp ||||| |||| 00||0 spa d
020 |a 978-84-943068-3-9 
035 |a 14190 
040 |a vLex  
090 |c 6053  |d 6053 
245 1 3 |a El Cierre fiscal y contable del ejercicio 2015  |h [Recurso electrn̤ico] /  |c AMADO Consultores  
256 |a Servicio en ln̕ea  
260 |a Barcelona  |b AMADO Consultores  |c 2015 
300 |a 1 recurso electrn̤ico (251 Pg̀inas) 
506 1 |a Contenido solo disponible en los productos indicados  |d vLex Global  |d vLex Global (Academic Edition, excluding Law Schools)  |d vLex Global (U.S. Academic Edition, Law Schools)  |d vLex Global (U.S. Academic Edition, excluding Law Schools)  |d vLex Global (Academic Edition, Law Schools) 
650 0 4 |a Derecho fiscal   |z Barcelona  
710 1 |a AMADO Consultores  
740 0 |a vLex libros (servicio en ln̕ea)  
856 4 0 |u http://vlex.com/source/cierre-fiscal-contable-ejercicio-2015-14190  |z Acceso restringido  
942 |c BOOK 
999 0 |a Taxation  |b Barcelona